000 00344nam a2200145 i 4500
001 bg
100 1 _aJANUSZJTIS, Andrzej
245 0 _aFizyka dla politechnik.
_nCz. 2,
_pPola /
_cA. Januszjtis.
250 _aWyd.2.
260 _aWarszawa,
_c1986.
040 _cBPK
041 _apol
942 _cKS
008 s pl f |000 0 pol
999 _c3246
_d3246
856 _uhttp://koha.tu.koszalin.pl/cgi-bin/koha/opac-detail.pl?biblionumber=3246
_yKatalog online BPK